Statistics for Top 10 English PL scorers

Click here to take the quiz!

General Stats

  • This quiz has been taken 70 times
  • The average score is 6 of 10

Answer Stats

HintAnswer% Correct
197Rooney
91%
260Shearer
89%
177Lampard
84%
120Gerrard
75%
187Cole
67%
150Owen
67%
163Fowler
56%
157Defoe
53%
146Sheringham
42%
149Ferdinand
25%

Score Distribution

Percentile by Number Answered

Percent of People with Each Score

Your Score History

You have not taken this quiz